Loading...
Science - Physics | 0 | 6 | 0 | 3 | 60 | 99 | 124.17 | 0 | 0 |
Science - Chemistry | 0 | 3 | 0 | 1 | 30 | 129 | 134.67 | 0 | 0 |
History - American History | 0 | 3 | 0 | 1 | 30 | 84 | 107.67 | 1 | 2 |
History - World History | 0 | 3 | 1 | 0 | 25 | 134 | 147.33 | 0 | 0 |
Social Science | 0 | 2 | 0 | 1 | 20 | 127 | 132.00 | 0 | 0 |
History - Other History | 0 | 2 | 0 | 0 | 20 | 128 | 133.00 | 0 | 0 |
History - European History | 0 | 2 | 1 | 0 | 15 | 106 | 115.50 | 0 | 0 |
Science - Biology | 0 | 2 | 1 | 1 | 15 | 133 | 136.00 | 0 | 0 |
Philosophy | 0 | 1 | 0 | 0 | 10 | 123 | 123.00 | 0 | 0 |
Geography | 0 | 1 | 0 | 0 | 10 | 125 | 125.00 | 0 | 0 |
Fine Arts - Other Fine Arts | 0 | 1 | 0 | 0 | 10 | 143 | 143.00 | 0 | 0 |
Science - Other Science | 0 | 2 | 2 | 1 | 10 | 104 | 122.00 | 0 | 0 |
Religion | 0 | 0 | 0 | 0 | 0 | 0.00 | 0 | 0 | |
Fine Arts - Painting & Sculpture | 0 | 0 | 0 | 0 | 0 | 0.00 | 0 | 0 |